Papa Louie's Chefs - Statistics

General Stats
  • This quiz has been taken 76 times
  • The average score is 23 of 29
Answer Stats
Gameria Chef % Correct
Owner of the Gamerias Papa Louie
95%
Papa's Pizzeria Roy
93%
Papa's Freezeria Alberto
91%
Papa's Pancakeria Prudence
89%
Papa's Freezeria Penny
88%
Papa's Cupcakeria James
86%
Papa's Burgeria Marty
86%
Papa's Burgeria Rita
86%
Papa's Hotdoggeria Taylor
86%
Papa's Pizzeria To Go Joy
84%
Papa's Taco Mia Maggie
84%
Papa's Pancakeria Cooper
82%
Papa's Pastaria Doan
80%
Papa's Taco Mia Mitch
80%
Papa's Cupcakeria Willow
80%
Papa's Sushiria Clover
79%
Papa's Hotdoggeria Peggy
79%
Papa's Pastaria Utah
79%
Papa's Wingeria Mandi
77%
Papa's Cheeseria Scarlet
77%
Papa's Sushiria Matt
75%
Papa's Wingeria Chuck
73%
Papa's Cheeseria Rudy
73%
Papa's Donuteria Scooter
73%
Papa's Sooperia Carlo Romano
71%
Papa's Bakeria Cecilia
66%
Papa's Bakeria Timm
66%
Papa's Donuteria Tony
66%
Papa's Scooperia Koilee
64%
No matching quizzes found
Score Distribution
Percent of People with Each Score
Percentile by Number Answered
Your Score History
You have not taken this quiz